Normal view
MARC view
- Movimientos sociales
Entry Materia
001 - NÚMERO DE CONTROL DEL REGISTRO
- campo de control: 52843
003 - IDENTIFICADOR DE NUMERO DE CONTROL
- campo de control: MX-MxUPN
005 - FECHA Y HORA DE LA ÚLTIMA TRANSACCIÓN
- campo de control: 20240805140745.0
008 - DATOS DE LONGITUD FIJA
- campo de control de longitud fija: 240805dn fnnnnbabc n ana d
040 ## - FUENTE DE LA CATALOGACIÓN
- Centro catalogador de origen: MX-MxUPN
- Lengua de catalogación: spa
150 ## - ENCABEZAMIENTO - TEMÁTICO
- Término de materia o nombre geográfico como elemento inicial: Movimientos sociales
- Subdivisión geográfica: México
- Subdivisión de materia general: Historia
- Subdivisión cronológica: Siglo XXI
670 ## - FUENTE EN LA QUE SE LOCALIZARON DATOS
- Cita de la fuente: Autoridades BGTQ, 5 agosto 2024 :
- Información localizada: (Movimientos sociales -- México -- Historia -- Siglo XXI)
902 ## - CATALOGADOR
- Catalogador: VíctorGodínez/050824
